000 00339nam a22001577a 4500
003 SGT
020 _a9781439864740
082 _a363.25
_bCOY
100 _aCOYLE HEATHER MILLER
245 _aFORENSIC BOTANY
250 _a2ND
260 _aLONDON
_bCRC PRESS
_c2025
300 _a308
650 _aFORENSIC BOTANY
942 _2ddc
_cBK
999 _c34720
_d34720